LEADER 02658oas 2200973 a 450 001 9910138955203321 005 20251105213014.0 011 $a1460-2687 035 $a(DE-599)ZDB2020956-3 035 $a(OCoLC)46997087 035 $a(CONSER) 2001252346 035 $a(CKB)959328104028 035 $a(EXLCZ)99959328104028 100 $a20010523a19989999 sy a 101 0 $aeng 135 $aurun||||||||| 181 $ctxt$2rdacontent 182 $cc$2rdamedia 183 $acr$2rdacarrier 200 10$aSports engineering 210 $a[Oxford, England] $cBlackwell Science 215 $aonline resource 300 $aRefereed/Peer-reviewed 300 $aImprint varies. 311 08$a1369-7072 531 1 $aSports eng. 606 $aSports sciences$vPeriodicals 606 $aHuman mechanics$vPeriodicals 606 $aAthletics$xEquipment and supplies$vPeriodicals 606 $aSports$xInnovations$vPe?riodiques 606 $aSciences du sport$vPe?riodiques 606 $aMe?canique humaine$vPe?riodiques 606 $aSports athle?tiques$xMate?riel$vPe?riodiques 606 $aAthletics$xEquipment and supplies$2fast$3(OCoLC)fst00820135 606 $aHuman mechanics$2fast$3(OCoLC)fst00963167 606 $aSports sciences$2fast$3(OCoLC)fst01130746 606 $aMecŕnica humana$2thub 606 $aCičncies de l'esport$2thub 606 $aEnginyeria$2thub 608 $aPeriodicals.$2fast 608 $aPeriodicals.$2lcgft 608 $aRevistes electrňniques.$2thub 615 0$aSports sciences 615 0$aHuman mechanics 615 0$aAthletics$xEquipment and supplies 615 6$aSports$xInnovations 615 6$aSciences du sport 615 6$aMe?canique humaine 615 6$aSports athle?tiques$xMate?riel 615 7$aAthletics$xEquipment and supplies. 615 7$aHuman mechanics. 615 7$aSports sciences. 615 7$aMecŕnica humana. 615 7$aCičncies de l'esport. 615 7$aEnginyeria. 676 $a688.7 801 0$bWAU 801 1$bWAU 801 2$bOCLCQ 801 2$bF#A 801 2$bOCLCQ 801 2$bSERSO 801 2$bOCLCQ 801 2$bHEBIS 801 2$bVRC 801 2$bUKMGB 801 2$bOCLCQ 801 2$bOCLCF 801 2$bOCLCO 801 2$bOCLCQ 801 2$bVT2 801 2$bDLC 801 2$bCNTRU 801 2$bUBY 801 2$bOCLCQ 801 2$bAUD 801 2$bSXB 801 2$bOCLCL 801 2$bAU@ 801 2$bOCLCQ 906 $aJOURNAL 912 $a9910138955203321 996 $aSports engineering$92051366 997 $aUNINA